00350pab a2200121 454500008004000000100001600040245005500056260000900111300001000120362000900130650003600139773005300175180718b1986 xxu||||| |||| 00| 0 eng d aSahai, B.M. aThe small - scale sectorbNeed for new orientation c1986 a13-16 aMar. aIndustry, Small - Scale - India aMonthly Commentary on Indian Economic Conditions